Research Methods for Business Students

Salvato in:
Dettagli Bibliografici
Autore principale: Saunders, Mark
Altri autori: Lewis, Philip, Thornhill, Adrian
Natura: Libro
Lingua:inglese
Pubblicazione: Harlow Pearson 2019
Edizione:8th Edition
Soggetti:
Tags: Aggiungi Tag
Nessun Tag, puoi essere il primo ad aggiungerne!!

MARC

LEADER 00000nam a2200000 4500
001 0278665
005 20240221114335.6
020 |a 978-1-292-20878-7 
041 0 |a eng 
044 |a GB 
245 1 0 |a Research Methods for Business Students  |c Mark N. K. Saunders, Philip Lewis, Adrian Thornhill 
250 |a 8th Edition 
264 1 |a Harlow  |b Pearson  |c 2019 
300 |a xxxiii, 833 s. 
610 2 0 |a výskum 
610 2 0 |a výskum podnikový 
610 2 0 |a získavanie informácií 
610 2 0 |a zber dát 
610 2 0 |a spracovanie dát 
610 2 0 |a metódy výskumu 
610 2 0 |a analýzy 
610 2 0 |a interview 
610 2 0 |a dotazníky 
610 2 0 |a analýza dát 
610 2 0 |a projekty 
610 2 0 |a reporting 
610 2 0 |a prezentácia 
100 1 |a Saunders, Mark 
700 1 |a Lewis, Philip 
700 1 |a Thornhill, Adrian